[Event "AUS-ch op U12"]
[Site "Perth "]
[Date "2004.01.16"]
[Round "4"]
[White "Lin, Zhigen Wilson"]
[Black "Thakur, Udit"]
[Result "1-0"]
[WhiteElo "1479"]
[BlackElo "979"]
[PlyCount "80"]
[EventDate "2004.01.14"]
[EventType "swiss"]
[EventRounds "11"]
[EventCountry "AUS"]
[SourceTitle "EXT 2006"]
[Source "ChessBase"]
[SourceDate "2005.11.24"]
[SourceVersion "1"]
[SourceVersionDate "2005.11.24"]
[SourceQuality "1"]

1. e4 d5 2. exd5 Qxd5 3. Nc3 Qa5 4. d4 Nf6 5. Bd3 c6 6. Nf3 h6 7. Bd2 Qb6 8. Na4 Qc7 9. Ne5 Be6 10. Nc5 Nbd7 11. Nxe6 fxe6 12. Bg6+ Kd8 13. Nf7+ Kc8 14. Nxh8 Qd6 15. 0-0 Qxd4 16. Bc3 Qf4 17. Bxf6 exf6 18. Be8 Nb6 19. Ng6 Qb4 20. c3 Qd6 21. Qxd6 Bxd6 22. Nh4 Kc7 23. Bf7 e5 24. Nf5 Bf8 25. Rfd1 g5 26. Rd2 a5 27. Rad1 a4 28. Nd6 Be7 29. Ne8+ Kc8 30. Be6+ Kb8 31. Rd8+ Bxd8 32. Rxd8+ Ka7 33. Rxa8+ Kxa8 34. Nxf6 Kb8 35. Nd7+ Nxd7 36. Bxd7 Kc7 37. Bf5 Kd6 38. Kf1 Kd5 39. Ke2 Kd6 40. a3 b5 1-0